LDR 00693naa#a2200181#i#450# 001 EN\\bibl\116645 005 20260430114005.4 011 ## _a1994-4683 100 ## _a20260429b2026####ek#y0engy0150####ca 102 ## _aRU 200 1# _aFeatures of university students’ preparation for participation in city-level track and field relays _eJournal article 210 1# _aMoscow _cNational State University of Physical Education, Sports and Health named after P.F. Lesgaft _d2026 215 ## _a5 с. 608 ## _aJournal article _2local 675 ## _aЭстафетный бег. 796.422.093.34 _z 700 #1 _aSidorenko _gAleksandr Sergeevich 700 #1 _aObukhov _gIlya Vladimirovich 856 4# _auchzapiski.lesgaft.spb.ru _u